000 00693nam a22002417a 4500
003 UA-OsUOA
001 52826
007 ta
008 20080304b un ||||| |||| 00| 0 ukr d
100 _aСазонець І. Л.. Федорова В. А.
090 _a330.322(075.8)
_bС11
942 _cBK
040 _aUA-OsUOA
_bukr
_cUA-OsUOA
_dUA-OsUOA
245 _aІнвестування: міжнародний аспект
_bНавчальний посібник
300 _a272 с.
955 _a2
041 _aukr
080 _a330.322(075.8)
020 _a966-364-394-3
260 _aК.
_bЦНЛ
_c2007
650 7 _a330 Економіка взагалі
_2UDC
999 _c338922
_d338922